Skončenie pracovného pomeru s príkladmi
Spôsoby skončenia pracovného pomeru. Dohoda o rozviazaní pracovného pomeru. Výpoveď. Výpoveď zo strany zamestnanca. Výpoveď zo strany zamestnávateľa. Výpovedné doby. Okamžité zrušenie pracovného pomeru. Zrušenie pracovného pomeru v skúšobnej dobe. Účasť odborových orgánov pri rozviazaní pracovného p...
Salvato in:
| Autore principale: | |
|---|---|
| Natura: | Capitolo di libro |
| Lingua: | slovacco |
| Soggetti: | |
| Tags: |
Nessun Tag, puoi essere il primo ad aggiungerne!!
|
MARC
| LEADER | 00000naa a2200000 4500 | ||
|---|---|---|---|
| 001 | r040150 | ||
| 005 | 20230926083353.1 | ||
| 041 | 0 | |a slo | |
| 044 | |a SK | ||
| 245 | 1 | 0 | |a Skončenie pracovného pomeru s príkladmi |c Mária Rybárová |
| 520 | |a Spôsoby skončenia pracovného pomeru. Dohoda o rozviazaní pracovného pomeru. Výpoveď. Výpoveď zo strany zamestnanca. Výpoveď zo strany zamestnávateľa. Výpovedné doby. Okamžité zrušenie pracovného pomeru. Zrušenie pracovného pomeru v skúšobnej dobe. Účasť odborových orgánov pri rozviazaní pracovného pomeru. Konkrétne príklady. | ||
| 610 | 2 | 0 | |a pomer pracovný |
| 610 | 2 | 0 | |a zákonník práce |
| 610 | 2 | 0 | |a skončenie pomeru pracovného |
| 610 | 2 | 0 | |a výpoveď |
| 610 | 2 | 0 | |a zamestnanci |
| 610 | 2 | 0 | |a zamestnávatelia |
| 610 | 2 | 0 | |a odbory |
| 610 | 2 | 0 | |a doba skúšobná |
| 100 | 1 | |a Rybárová, Mária | |